| 000 | 02605cam a2200613 i 4500 | ||
|---|---|---|---|
| 001 | xx004592002 | ||
| 003 | NUKAT | ||
| 005 | 20260416111453.0 | ||
| 008 | 190412s2019 pl a |001 0 pol c | ||
| 020 |
_a9788388202629 _q(oprawa twarda) |
||
| 020 |
_a9788380985544 _q(oprawa twarda) |
||
| 035 | _a(OCoLC)1413496359 | ||
| 035 | _a(NUKAT)xx004592002 | ||
| 040 |
_aKR 295/AD _bpol _erda _cKR 295/ADs _dKR 295/MZ _dWR O/IS _dOLSZT 008/bak |
||
| 046 |
_k2019 _o19670101 _p19670730 |
||
| 100 | 0 |
_aStefan Wyszyński _c(błogosławiony ; _d1901-1981). _eAutor _913034 |
|
| 245 | 1 | 0 |
_aDzieła zebrane. _nT. 19, _pStyczeń - lipiec 1967 / _cStefan kardynał Wyszyński Prymas Polski ; komitet redakcyjny : Iwona Czarcińska, Beata Mackiewicz, Anna Rastawicka. |
| 260 |
_aWarszawa : _bWydawnictwo im. Stefana Kardynała Wyszyńskiego "Soli Deo" : _bInstytut Pamięci Narodowej - Komisja Ścigania Zbrodni przeciwko Narodowi Polskiemu, _c© copyright 2019. |
||
| 300 |
_a420, [4] strony : _bilustracje ; _c24 cm. |
||
| 336 |
_aTekst _btxt _2rdacontent |
||
| 337 |
_aBez urządzenia pośredniczącego _bn _2rdamedia |
||
| 338 |
_aWolumin _bnc _2rdacarrier |
||
| 380 | _aKsiążki | ||
| 380 | _aPublikacje naukowe | ||
| 380 | _aPublikacje religijne | ||
| 388 | 1 | _a1901-2000 | |
| 388 | 1 | _a1945-1989 | |
| 388 | 1 | _a2001- | |
| 504 | _aIndeksy. | ||
| 600 | 0 | 7 |
_aMaria _c(matka Jezusa Chrystusa) _2DBN _937277 |
| 600 | 0 | 7 |
_aStefan Wyszyński _c(błogosławiony ; _d1901-1981) _vkorespondencja. _2kaba _940149 |
| 650 | 7 |
_aDuchowość katolicka _2DBN _937278 |
|
| 650 | 7 |
_aDuszpasterstwo _2DBN _937456 |
|
| 650 | 7 |
_aKatolicyzm _2DBN _935191 |
|
| 650 | 7 |
_aKult maryjny _2DBN _940150 |
|
| 650 | 7 |
_aNaród _2DBN _935192 |
|
| 650 | 7 |
_aOjczyzna _2DBN _935368 |
|
| 650 | 7 |
_aTysiąclecie chrztu Polski (1966) _2DBN _940151 |
|
| 651 | 7 |
_aPolska _2DBN _935076 |
|
| 655 | 7 |
_aListy _2DBN _937131 |
|
| 655 | 7 |
_aMowy _2DBN _936872 |
|
| 655 | 7 |
_aWydawnictwo źródłowe _2DBN _935066 |
|
| 655 | 7 |
_aPrzemówienia polskie _y1945-1970. _2kaba _934492 |
|
| 655 | 7 |
_aKazania polskie _y1945-1970. _2kaba _940152 |
|
| 658 | _aReligia i duchowość | ||
| 700 | 1 |
_aCzarcińska, Iwona. _eRedakcja _940147 |
|
| 700 | 1 |
_aMackiewicz, Beata. _eRedakcja _939672 |
|
| 700 | 1 |
_aRastawicka, Anna. _eRedakcja _940148 |
|
| 710 | 2 |
_aWydawnictwo im. Stefana Kardynała Wyszyńskiego "Soli Deo". _eWydawca _4pbl _939674 |
|
| 710 | 2 |
_aInstytut Pamięci Narodowej - Komisja Ścigania Zbrodni przeciwko Narodowi Polskiemu. _eWydawca _4pbl _911792 |
|
| 920 | _a978-83-88202-62-9 (oprawa twarda) | ||
| 920 | _a978-83-8098-554-4 (oprawa twarda) | ||
| 942 |
_2ddc _cBK_NM |
||
| 999 |
_c27607 _d27607 |
||